|
|
|
|
| LEADER |
00000nam0a2200000 4500 |
| 001 |
364558 |
| 005 |
20231102011712.0 |
| 035 |
|
|
|a (RuTPU)RU\TPU\retro\21916
|
| 090 |
|
|
|a 364558
|
| 100 |
|
|
|a 20211118d1981 km y0rusy50 ca
|
| 101 |
0 |
|
|a rus
|
| 102 |
|
|
|a RU
|
| 105 |
|
|
|a y z 001zb
|
| 200 |
1 |
|
|a Иосиф Волоцкий
|f Н. М. Золотухина
|
| 210 |
|
|
|a Москва
|c Юридическая литература
|d 1981
|
| 215 |
|
|
|a 96 с.
|
| 225 |
1 |
|
|a Из истории политической и правовой мысли
|
| 320 |
|
|
|a Библиогр.: с. 88-89
|
| 600 |
|
0 |
|a Иосиф Волоцкий
|c в миру Иван Санин
|c русский церковный писатель
|c основатель и игумен Иосифо-Волокаламского монастыря
|f 1439/1440-1515
|2 stltpush
|3 (RuTPU)RU\TPU\pers\13822
|9 4334
|
| 606 |
1 |
|
|a Общественная мысль
|x Философия
|y Россия
|z 17 в.
|2 stltpush
|3 (RuTPU)RU\TPU\subj\46651
|9 65768
|
| 606 |
1 |
|
|a Политические учения
|x История
|y Русское государство
|2 stltpush
|3 (RuTPU)RU\TPU\subj\50484
|9 69157
|
| 610 |
1 |
|
|a политика
|
| 610 |
1 |
|
|a политическая мысль
|
| 610 |
1 |
|
|a Россия
|
| 610 |
1 |
|
|a 15 век
|
| 610 |
1 |
|
|a 16 век
|
| 610 |
1 |
|
|a церковно-политическая история
|
| 686 |
|
|
|a Ю3(2)41
|v LBC/SL-A
|2 rubbk
|
| 686 |
|
|
|a Ф1(2)
|v LBC/SL-A
|2 rubbk
|
| 700 |
|
1 |
|a Золотухина
|b Н. М.
|g Наталья Михайловна
|
| 801 |
|
1 |
|a RU
|b 63413507
|c 20211118
|
| 942 |
|
|
|c BK
|